01555nam0a22002771 4500001001100000005001700011021001900028035002600047100004100073101000800114102000700122105001800129200037600147210003500523215001600558300012600574606007100700606006800771701002700839701006300866701002700929712026200956801001801218801002201236852001901258rc\345491520260406184351.0 aRUb[72-21526] a(NLR Aleph) 007893392 a20130115d1972 |||y0rusy50 ca0 arus aRU ay z |||||1 aОсновной экономический закон и развитие социалистического производстваfПод ред. И.И. Кузьминова [и др.]gАкад. обществ. наук при ЦК КПСС. Кафедра полит. экономии и основ науч. управления соц. экономикой aМоскваcМысльd1972 a293 с.d21 aНа обороте тит. л. авт.: И.И. Кузьминов, С.В. Рогачев, А.В. Бачурин и др. aЭкономические законы социализма2psbo aСоциалистическое производство2psbo 1aРогачевbС.В. 1aКузьминовbИ.И.gИван Иванович4340 1aБачуринbА.В.02aАкадемия общественных наукcМоскваbКафедра политической экономии и основ научного управления социалистической экономикой3RU\NLR\AUTH\889949723 0aRUbNLRgpsbo 1aRUbELAR2rusmarc aNLRj72-3/2886